000 00709nam a2200205 i 4500
001 95862
003 ES-MaACL
005 20230906181805.0
007 t|
008 050606s1975 sp ||||1| spa d
100 1 _aMcConnell, Campbell R.
_979537
245 1 0 _aCurso básico de economía /
_cCampbell R. McConnell; traducción por Jesús Ruiz de Cenzano y Losa; adoptado por Jaime Olleros Izard y Luis García de Diego.
250 _a[2ª ed.].
260 _aMadrid :
_bAguilar,
_c1975.
300 _aXXXII, 1081 p. ;
_c24 cm.
700 1 _aRuiz de Cenzano, Jesús.
_9143269
700 1 _aOlleros Izard, Jaime.
_986930
700 1 _aGarcía de Diego, Luis.
_954420
852 _aES-MaACL
_jE-7249
_bR.91298
999 _c95862
_d95862